000
00225 a2200085 4500
020
_a
9781616890360
100
_a
KIMBERLY ELAM
245
_a
GEOMETRY OF DESIGN, 2ND ED REVISED AND UPDATED
260
_b
PRINCETON ARCHITECTURAL PRESS
999
_c
13089
_d
13089